| 000 | 00603cam a22002173a 4500 | ||
|---|---|---|---|
| 001 | 44914 | ||
| 003 | PGUSA | ||
| 005 | 20140828084027.0 | ||
| 008 | 140215s2014||||xxu|||||s|||||000 | eng d | ||
| 040 |
_aPGUSA _beng |
||
| 042 | _adc | ||
| 100 | 1 | _aCraik, Georgiana M. | |
| 245 | 1 | 0 |
_aBow-Wow and Mew-Mew _h[electronic resource] / _cGeorgiana M. Craik |
| 260 |
_bProject Gutenberg, _c2014 |
||
| 506 | _aPublic domain in the USA. | ||
| 516 | _aElectronic text | ||
| 700 | 1 | _aSindelar, Joseph C. | |
| 830 | 0 |
_aProject Gutenberg _v44914 |
|
| 856 | 4 | 0 | _uhttp://www.gutenberg.org/ebooks/44914 |
| 942 | _cEB | ||
| 999 |
_c274165 _d274165 |
||